TTC Surface Route Trivia - Statistics

General Stats
  • This quiz has been taken 37 times
  • The average score is 11 of 16
Answer Stats
Hint Answer % Correct
Centennial College-Ashtonbee 68
79%
Upper Canada Drive 78
76%
Commander Boulevard 169
72%
Woodbine Racetrack 37
72%
Lloyd Manor Road 46
72%
Plains Road 8
72%
John Garland Boulevard 96
72%
Atkinson Avenue 160
69%
Giltspur Drive 120
66%
Clonmore Drive 135
66%
Anglesey Boulevard 48
66%
Bannatyne Drive 115
62%
Tycos Drive 14
62%
Disco Road 45
62%
Manse Valley 86
59%
Eastdale Avenue 87
55%
No matching quizzes found
Score Distribution
Percent of People with Each Score
Percentile by Number Answered
Your Score History
You have not taken this quiz